01259nam a2200337Ia 4500001001200000003000800012006001900020007001500039008004100054010001700095020003600112020003500148020001800183040002100201035002100222050002500243082001800268245009400286260004800380300002400428504004100452533015200493650001500645650002300660655002900683700002800712700002300740710001700763856012600780999001500906ebr10269050CaPaEBRm u cr cn|||||||||990914s2000 nyua sb 000 0 eng d z 99047723  z0195121309 (cloth : alk. paper) z0195121317 (pbk. : alk. paper) z9780195121308 aCaPaEBRcCaPaEBR a(OCoLC)42873447114aBL473.5b.G65 2000eb04a291.2/11422100aGoddesses who ruleh[electronic resource] /cedited by Elisabeth Benard and Beverly Moon. aNew York :bOxford University Press,c2000. axii, 259 p. :bill. aIncludes bibliographical references. aElectronic reproduction.bPalo Alto, Calif. :cebrary,d2009.nAvailable via World Wide Web.nAccess may be limited to ebrary affiliated libraries. 0aGoddesses. 0aQueensxMythology. 7aElectronic books.2local1 aBenard, Elisabeth Anne.1 aMoon, Beverly Ann.2 aebrary, Inc.40uhttp://site.ebrary.com/lib/rucke/Doc?id=10269050zAn electronic book accessible through the World Wide Web; click to view c8369d8369